000 00526nam a2200169 i 4500
001 59572
003 ES-MaACL
005 20250827063209.0
007 t|
008 031029s1911 sp ||||1| spa d
100 1 _aElorrieta y Artaza, Tomás,
_d1883-1949
_947088
245 1 0 _aProblemas de organización municipal /
_cTomás Elorrieta y Artaza.
260 _aMadrid :
_b[s.n.,
_c1911] (
_fSuc. de M. Minuesa de los Ríos)
300 _a30 p. ;
_c22 cm.
852 _aES-MaACL
_jT-1242-F-2
999 _c59572
_d59572